Sports Quiz

Random Sports or NFL Quiz

Different First and Last Letter: NFL Teams Quiz Stats

 Plays Quiz Updated Dec 20, 2016

Score 0/32 Timer 03:00
4 Plays Today
Clue Team % Correct
DowboyeCowboys
95.6%
HedskintRedskins
95.2%
PeahawktSeahawks
95.2%
99ery49ers
95.2%
RolphineDolphins
94.9%
UteelertSteelers
94.9%
TuccaneernBuccaneers
94.6%
SardinaleCardinals
94.5%
MatriotyPatriots
94.1%
MexantTexans
94%
LikingeVikings
93.9%
TengaltBengals
93.6%
FainteSaints
93.5%
ShieftChiefs
93.5%
MalconeFalcons
93.2%
WaidernRaiders
93.1%
Clue Team % Correct
MantheroPanthers
93.1%
BolteColts
93%
DrownyBrowns
92.8%
ZioneLions
92.5%
GaguarnJaguars
92.4%
WaventRavens
92.2%
ShargertChargers
92.1%
FeareBears
91.6%
TackeryPackers
91.6%
NitankTitans
91.5%
HilleBills
91.1%
TetoJets
91.1%
IroncowBroncos
91%
SamoRams
90%
SiantyGiants
89.5%
RaglenEagles
89.1%

You're not logged in!

Compare scores with friends on all Sporcle quizzes.
OR
Log In

Show Comments

Extras

Top Quizzes Today


Score Distribution

Your Account Isn't Verified!

In order to create a playlist on Sporcle, you need to verify the email address you used during registration. Go to your Sporcle Settings to finish the process.

Report this User

Report this user for behavior that violates our Community Guidelines.

Details: